| 000 | 00632nam a22002057a 4500 | ||
|---|---|---|---|
| 003 | 0 | ||
| 005 | 20260124152836.0 | ||
| 008 | 260124b xxu||||| |||| 00| 0 eng d | ||
| 020 | _a9798888367209 | ||
| 050 |
_aQP 34.5 _b.W47 2025 |
||
| 100 | _aWestley, Allyson | ||
| 245 |
_aEssentials of human anatomy and physiology _cAllyson Westley |
||
| 260 |
_aNew York _bLarsen & Keller Education _c2025 |
||
| 300 |
_avii, 221 pages : _ccolored illustrations and photos ; _e26cm. |
||
| 504 | _aIncludes index. | ||
| 650 | _aHuman anatomy. | ||
| 650 | _aHuman physiology. | ||
| 650 | _aAnatomy — Study and teaching. | ||
| 942 |
_2lcc _cBK |
||
| 999 |
_c368767 _d368767 |
||